000
00298nam a22001337a 4500
008
170713b xxu||||| |||| 00| 0 eng d
020
_a
39435608-X
041
_a
eng
080
_a
17
100
_a
24
101
_a
FIL
245
_a
THE ELEMENTS OF MORAL PHILOSOPHY
_c
RACHELS,J
942
_2
udc
_c
BK
999
_c
20654
_d
20654